000 01797cam a2200361 i 4500
999 _c57491
_d57491
001 20250932
005 20221105202747.0
008 180108s2019 pau bf 001 0 eng
010 _a 2018000484
020 _a9781496322647 (pbk.) 1
020 _a1496322649 (pbk.) 1
040 _aDLC
_beng
_cDLC
_erda
_dDLC
041 _aeng
042 _apcc
050 0 0 _aRC648
_b.M365 2019
080 _a616.4(075.8) M-24
245 0 0 _aManual of endocrinology and metabolism /
_ce ditor Norman Lavin, M.D., Ph.D., F.A.A.P., F.A.C.E., Clinical Professor of Endocrinology and Pediatrics, Director of Clinical Education in Endocrinology, UCLA School of Medicine, Los Angeles, California ; editor-in-chief: Growth, Growth Hormone, IGF-1, and Metabolism, London, England ; director of the Diabetes Care Center and Director of Medical Education, Providence Tarzana Regional Medical Center, Tarzana, California.
250 _aFifth edition.
264 1 _aPhiladelphia :
_bWolters Kluwer,
_c[2019]
300 _axxvi, 1166 pages ;
_c22 cm.
504 _aIncludes bibliographical references and index.
650 0 _aEndocrinology
_vHandbooks, manuals, etc.
_98841
650 0 _aEndocrine glands
_xDiseases
_vHandbooks, manuals, etc.
_98842
650 0 _aMetabolism
_xDisorders
_vHandbooks, manuals, etc.
_98843
653 _aენდოკრინოლოგია
653 _aნივთიერებების ცვლა
653 _aმედიცინა
700 1 _aLavin, Norman,
_eeditor.
_dრედაქტორი
_98844
856 _uელექტრონული ვერისია
906 _a7
_bcbc
_corignew
_d1
_eecip
_f20
_gy-gencatlg
942 _2udc
_cBK
955 _brl11 2018-01-08
_irl11 2018-01-08 to Dewey
_axn01 2018-09-14 1 copy rec'd., to CIP ver.